000 00679nam a2200289Ia 4500
003 OSt
005 20230927111846.0
008 210323s9999||||xx |||||||||||||| ||und||
040 _cSTCPL
041 _aENG
082 _a571.92
_bMEH-P
100 _aMehrotra, R. S.
245 0 _aPlant pathology /
_cby R. S. Mehrotra
260 _aNew Delhi :
_bMcGraw Hill Education india private limited ,
_c1983 .
300 _a771 p.
_bHB
650 _aBotany
650 _aPlant pathology
650 _aPathogenesis
650 _aEnzymes
942 _cBK
942 _2ddc
942 _2ddc
942 _2ddc
_n0
942 _2ddc
_n0
942 _2ddc
_n0
942 _2ddc
_n0
999 _c80151
_d80151